[Event "Andorra op 36th"]
[Site "Escaldes"]
[Date "2018.07.21"]
[Round "1"]
[White "Guyader, Thierry"]
[Black "Del Rio de Angelis, Salvador Gabriel"]
[Result "0-1"]
[WhiteElo "1990"]
[BlackElo "2525"]
[PlyCount "80"]
[EventDate "2018.07.21"]
[EventType "swiss"]
[EventRounds "9"]
[EventCountry "AND"]
[SourceTitle "CBM 185 Extra"]
[Source "ChessBase"]
[SourceDate "2018.07.29"]
[SourceVersion "1"]
[SourceVersionDate "2018.07.29"]
[SourceQuality "1"]

1. e4 d6 2. d4 Nf6 3. Nc3 g6 4. f4 Bg7 5. Nf3 0-0 6. Bd3 Na6 7. 0-0 c5 8. d5 Rb8 9. a4 Nb4 10. Bc4 e6 11. dxe6 Bxe6 12. Bxe6 fxe6 13. Qe2 d5 14. e5 Ne8 15. Nd1 Qb6 16. c3 Qa6 17. Qxa6 Nxa6 18. Be3 Nec7 19. g3 Rfd8 20. Nf2 Bf8 21. a5 Be7 22. Rfb1 Rbc8 23. Rd1 Nb8 24. Nd3 Nca6 25. Nc1 Nc6 26. Nb3 Rb8 27. Rd2 Rd7 28. g4 Rf8 29. Kg2 h6 30. Kg3 g5 31. Re1 gxf4+ 32. Bxf4 Kh7 33. Be3 b5 34. axb6 axb6 35. h4 Bd8 36. Ra1 Nab8 37. g5 h5 38. g6+ Kxg6 39. Rg1 Kh7 40. Kf2 Nxe5 0-1

[Event "FRA-chT2 0910"]
[Site "France"]
[Date "2009.10.17"]
[Round "2.2"]
[White "Dieu, Bruno"]
[Black "Guyader, Thierry"]
[Result "1-0"]
[WhiteElo "2260"]
[BlackElo "2163"]
[PlyCount "55"]
[EventDate "2009.09.27"]
[EventType "team-tourn"]
[EventRounds "11"]
[EventCountry "FRA"]
[SourceTitle "EXT 2011"]
[Source "ChessBase"]
[SourceDate "2010.11.26"]
[SourceVersion "1"]
[SourceVersionDate "2010.11.26"]
[SourceQuality "1"]

1. d4 d5 2. Nf3 Nf6 3. e3 e6 4. Bd3 Be7 5. 0-0 b6 6. b3 Bb7 7. Bb2 Nbd7 8. Nbd2 Ne4 9. Ne5 Nxe5 10. dxe5 0-0 11. f3 Nxd2 12. Qxd2 f5 13. Rad1 c5 14. c4 Qc7 15. cxd5 exd5 16. Qc2 g6 17. e4 c4 18. bxc4 Bc5+ 19. Kh1 fxe4 20. cxd5 exd3 21. Qxd3 Rf5 22. Qb3 Rh5 23. f4 Rc8 24. d6+ Qf7 25. e6 Qf5 26. e7+ Bd5 27. Rxd5 Qxd5 28. d7 1-0

[Event "FRA-chT2 West 0809"]
[Site "France"]
[Date "2009.04.04"]
[Round "10.3"]
[White "Larramendy, Pierre"]
[Black "Guyader, Thierry"]
[Result "1/2-1/2"]
[WhiteElo "1938"]
[BlackElo "2187"]
[PlyCount "62"]
[EventDate "2008.10.19"]
[EventType "team-tourn"]
[EventRounds "11"]
[EventCountry "FRA"]
[SourceTitle "EXT 2010"]
[Source "ChessBase"]
[SourceDate "2010.11.25"]
[SourceVersion "1"]
[SourceVersionDate "2010.11.25"]
[SourceQuality "1"]
[WhiteTeam "Saint Quentin"]
[BlackTeam "Quimper"]
[WhiteTeamCountry "FRA"]
[BlackTeamCountry "FRA"]

1. e4 c5 2. Nf3 e6 3. d4 cxd4 4. Nxd4 Nf6 5. Bd3 Nc6 6. Nf3 d6 7. a3 Be7 8. 0-0 0-0 9. c4 a6 10. Nc3 Qc7 11. Qe2 b6 12. Bf4 Nd7 13. Rac1 Nce5 14. Nd2 Nxd3 15. Qxd3 Bb7 16. Rfd1 Nf6 17. f3 Rfd8 18. Qe2 Rac8 19. b4 Bc6 20. Be3 Qb7 21. Nb3 Qb8 22. Bf4 Rd7 23. Kh1 Rcd8 24. Qf2 b5 25. c5 Nh5 26. Be3 dxc5 27. Nxc5 Bxc5 28. Bxc5 Nf4 29. Rxd7 Rxd7 30. Rd1 Rxd1+ 31. Nxd1 Qd8 1/2-1/2

[Event "FRA-chT2 West 0809"]
[Site "France"]
[Date "2009.01.18"]
[Round "6.2"]
[White "Guyader, Thierry"]
[Black "Piankov, Evgenij"]
[Result "1-0"]
[WhiteElo "2187"]
[BlackElo "2361"]
[PlyCount "73"]
[EventDate "2008.10.19"]
[EventType "team-tourn"]
[EventRounds "11"]
[EventCountry "FRA"]
[SourceTitle "EXT 2010"]
[Source "ChessBase"]
[SourceDate "2010.11.25"]
[SourceVersion "1"]
[SourceVersionDate "2010.11.25"]
[SourceQuality "1"]
[WhiteTeam "Quimper"]
[BlackTeam "Issy les Moulineaux"]
[WhiteTeamCountry "FRA"]
[BlackTeamCountry "FRA"]

1. e4 g6 2. d4 Bg7 3. Nc3 c6 4. Be3 d5 5. e5 f6 6. f4 Qb6 7. Rb1 Nh6 8. h3 Nf7 9. Qd2 g5 10. Nf3 gxf4 11. Bxf4 fxe5 12. dxe5 e6 13. Bd3 Nd7 14. Qe2 Nc5 15. Be3 Nxd3+ 16. cxd3 Qa6 17. 0-0 Bd7 18. b4 0-0-0 19. b5 Qa5 20. Bd2 Qc7 21. d4 Kb8 22. Rfc1 Rc8 23. Na4 b6 24. bxc6 Bxc6 25. Nc5 Qe7 26. Be1 Ka8 27. Bh4 Qe8 28. Rxb6 Rb8 29. Rcb1 Rxb6 30. Rxb6 axb6 31. Qa6+ Kb8 32. Qxb6+ Ka8 33. Na6 Bb7 34. Nc7+ Kb8 35. Nxe8 Rxe8 36. a4 Rc8 37. Qxe6 1-0

[Event "FRA-chT3 0405"]
[Site "France"]
[Date "2005.03.13"]
[Round "7"]
[White "Guyader, Thierry"]
[Black "Forthofer, Robert"]
[Result "1-0"]
[WhiteElo "2133"]
[BlackElo "2186"]
[PlyCount "119"]
[EventDate "2004.10.10"]
[EventType "team"]
[EventRounds "9"]
[EventCountry "FRA"]
[SourceTitle "EXT 2007"]
[Source "ChessBase"]
[SourceDate "2006.11.23"]
[SourceVersion "1"]
[SourceVersionDate "2006.11.23"]
[SourceQuality "1"]

1. e4 c5 2. Nf3 d6 3. d4 cxd4 4. Nxd4 Nf6 5. Nc3 g6 6. Be3 Bg7 7. f3 0-0 8. Qd2 Nc6 9. 0-0-0 Nxd4 10. Bxd4 Be6 11. Kb1 Qc7 12. g4 Rfc8 13. h4 b5 14. h5 Qa5 15. a3 Rab8 16. hxg6 hxg6 17. Qg5 Qc7 18. e5 dxe5 19. Qxe5 b4 20. Qxc7 Rxc7 21. Be5 bxc3 22. Bxc7 Rxb2+ 23. Kc1 Nd5 24. Bg3 Ra2 25. Kb1 Rxa3 26. Bc4 Ra5 27. Bf2 g5 28. Bxa7 Be5 29. Rd3 Kg7 30. Bd4 Bxd4 31. Rxd4 Nf4 32. Bxe6 Nxe6 33. Rc4 Rb5+ 34. Kc1 Nf4 35. Re1 e6 36. Rxc3 Nd5 37. Ra3 Rc5 38. Rb3 Rc4 39. Re4 Rxe4 40. fxe4 Nf6 41. Rb4 Nxg4 42. Rb5 Kg6 43. c4 Nf2 44. c5 Nxe4 45. c6 Nd6 46. c7 Nxb5 47. c8Q Nd6 48. Qg8+ Kf5 49. Kc2 f6 50. Qh7+ Ke5 51. Kd3 Nf5 52. Qg6 Nd6 53. Qh7 Nf5 54. Qc7+ Kd5 55. Qc3 g4 56. Qc4+ Ke5 57. Qxg4 Kd5 58. Qc4+ Kd6 59. Qc3 e5 60. Qb4+ 1-0

[Event "FRA-chT3 0405"]
[Site "France"]
[Date "2004.10.10"]
[Round "1"]
[White "Guyader, Thierry"]
[Black "Le Moine, Cedric"]
[Result "1-0"]
[WhiteElo "2133"]
[BlackElo "1980"]
[PlyCount "65"]
[EventDate "2004.10.10"]
[EventType "team"]
[EventRounds "9"]
[EventCountry "FRA"]
[SourceTitle "EXT 2007"]
[Source "ChessBase"]
[SourceDate "2006.11.23"]
[SourceVersion "1"]
[SourceVersionDate "2006.11.23"]
[SourceQuality "1"]

1. e4 d5 2. exd5 Nf6 3. c4 c6 4. d4 cxd5 5. Nc3 Nc6 6. Bg5 Bg4 7. Qa4 e6 8. c5 Qa5 9. Qxa5 Nxa5 10. Bb5+ Nc6 11. f3 Bf5 12. Nge2 Nd7 13. Bxc6 bxc6 14. b4 Bd3 15. Kd2 Bc4 16. a4 Rb8 17. Rhb1 f6 18. Bf4 e5 19. Bg3 a6 20. f4 e4 21. f5 Rc8 22. b5 axb5 23. axb5 cxb5 24. Nxb5 Nxc5 25. dxc5 Bxc5 26. Nd6+ Bxd6 27. Bxd6 Bd3 28. Rb2 Kd7 29. Bf4 Rc4 30. Ra7+ Kd8 31. Nd4 Re8 32. Rb8+ Rc8 33. Nc6# 1-0

[Event "FRA-chT3 01"]
[Site "France"]
[Date "2001.03.31"]
[Round "8"]
[White "Guyader, Thierry"]
[Black "Maupin, Jean Paul"]
[Result "0-1"]
[WhiteElo "2161"]
[BlackElo "2087"]
[PlyCount "52"]
[EventDate "2001.??.??"]
[EventType "team"]
[EventRounds "9"]
[EventCountry "FRA"]
[SourceTitle "EXT 2002"]
[Source "ChessBase"]
[SourceDate "2001.11.25"]
[SourceVersion "1"]
[SourceVersionDate "2001.11.25"]
[SourceQuality "1"]
[WhiteTeam "Fouesnant"]
[BlackTeam "Agneaux Saint Lo"]
[WhiteTeamCountry "FRA"]
[BlackTeamCountry "FRA"]

1. e4 c6 2. d4 d5 3. exd5 cxd5 4. c4 Nf6 5. Nc3 Nc6 6. Bg5 Be6 7. a3 Qd7 8. Bxf6 gxf6 9. Be2 0-0-0 10. c5 Rg8 11. g3 Bf5 12. Nf3 e5 13. b4 e4 14. Nh4 Bh3 15. b5 Ne7 16. c6 Qc7 17. Qd2 Ng6 18. b6 Qxb6 19. Nxg6 Rxg6 20. Rb1 Bh6 21. cxb7+ Kb8 22. Qc2 Qc7 23. Bf1 Bxf1 24. Kxf1 f5 25. Qb3 Rb6 26. Nb5 Qxb7 0-1

[Event "FRA-chT3 01"]
[Site "France"]
[Date "2001.03.11"]
[Round "7"]
[White "Monroy, Charles"]
[Black "Guyader, Thierry"]
[Result "1-0"]
[WhiteElo "2150"]
[BlackElo "2161"]
[PlyCount "75"]
[EventDate "2001.??.??"]
[EventType "team"]
[EventRounds "9"]
[EventCountry "FRA"]
[SourceTitle "EXT 2002"]
[Source "ChessBase"]
[SourceDate "2001.11.25"]
[SourceVersion "1"]
[SourceVersionDate "2001.11.25"]
[SourceQuality "1"]
[WhiteTeam "Rennes"]
[BlackTeam "Fouesnant"]
[WhiteTeamCountry "FRA"]
[BlackTeamCountry "FRA"]

1. e4 c5 2. Nf3 d6 3. d4 cxd4 4. Nxd4 Nf6 5. Nc3 g6 6. g3 Bg7 7. Bg2 0-0 8. 0-0 Nc6 9. Nde2 Bd7 10. h3 Ne5 11. b3 b5 12. Bg5 Bxh3 13. Bxf6 Bxg2 14. Bxg7 Bxf1 15. Bxf8 Bxe2 16. Qxe2 Qxf8 17. Nxb5 Qg7 18. Rd1 h5 19. c4 a5 20. Kg2 a4 21. b4 Rc8 22. Rc1 h4 23. a3 g5 24. Nd4 e6 25. Nf3 hxg3 26. fxg3 Nxf3 27. Kxf3 Qe5 28. Qe3 d5 29. exd5 Qf6+ 30. Kg2 exd5 31. Rf1 Qg6 32. cxd5 Rc2+ 33. Rf2 Rxf2+ 34. Qxf2 Qe4+ 35. Qf3 Qc2+ 36. Kh3 Qh7+ 37. Kg4 Qg6 38. Qf5 1-0

[Event "FRA-chT3 01"]
[Site "France"]
[Date "2001.01.14"]
[Round "5"]
[White "Batard, David"]
[Black "Guyader, Thierry"]
[Result "0-1"]
[WhiteElo "2020"]
[BlackElo "2161"]
[PlyCount "70"]
[EventDate "2001.??.??"]
[EventType "team"]
[EventRounds "9"]
[EventCountry "FRA"]
[SourceTitle "EXT 2002"]
[Source "ChessBase"]
[SourceDate "2001.11.25"]
[SourceVersion "1"]
[SourceVersionDate "2001.11.25"]
[SourceQuality "1"]
[WhiteTeam "Suce sur Erdre"]
[BlackTeam "Fouesnant"]
[WhiteTeamCountry "FRA"]
[BlackTeamCountry "FRA"]

1. d4 d5 2. Nf3 Nf6 3. c4 c6 4. Nc3 e6 5. e3 Nbd7 6. Bd3 dxc4 7. Bxc4 b5 8. Bd3 a6 9. e4 c5 10. d5 Qc7 11. 0-0 c4 12. Bc2 Bc5 13. Nd4 Qb6 14. Be3 Ne5 15. h3 Bb7 16. b4 cxb3 17. Bxb3 0-0 18. f4 Ng6 19. f5 exf5 20. Rxf5 Rae8 21. Qd3 Re5 22. Rxe5 Nxe5 23. Qd2 Re8 24. Nc2 Ned7 25. Re1 a5 26. a3 Rc8 27. Bd4 a4 28. Ba2 Ne5 29. Rb1 Bxd4+ 30. Nxd4 Ba6 31. Nxa4 Qd6 32. Nxb5 Bxb5 33. Rxb5 Nxe4 34. Qd4 Rc1+ 35. Kh2 Nf3# 0-1

[Event "FRA-chT3 01"]
[Site "France"]
[Date "2000.11.19"]
[Round "3"]
[White "Luco, Alain"]
[Black "Guyader, Thierry"]
[Result "0-1"]
[WhiteElo "2192"]
[BlackElo "2161"]
[PlyCount "60"]
[EventDate "2001.??.??"]
[EventType "team"]
[EventRounds "9"]
[EventCountry "FRA"]
[SourceTitle "EXT 2002"]
[Source "ChessBase"]
[SourceDate "2001.11.25"]
[SourceVersion "1"]
[SourceVersionDate "2001.11.25"]
[SourceQuality "1"]
[WhiteTeam "Guingamp"]
[BlackTeam "Fouesnant"]
[WhiteTeamCountry "FRA"]
[BlackTeamCountry "FRA"]

1. e4 c5 2. Nc3 Nc6 3. f4 g6 4. Nf3 Bg7 5. Bb5 Nd4 6. Bd3 d6 7. Nxd4 cxd4 8. Ne2 Nh6 9. c3 e5 10. 0-0 0-0 11. cxd4 exd4 12. Kh1 d5 13. Qb3 Ng4 14. g3 dxe4 15. Bxe4 Re8 16. Bf3 d3 17. Nc3 Qd4 18. Kg2 Re1 19. Qd5 Re2+ 20. Nxe2 dxe2 21. Qxd4 exf1Q+ 22. Kxf1 Bxd4 23. Kg2 Nf2 24. Bd5 Bh3+ 25. Kf3 Bg4+ 26. Kg2 Re8 27. Bc4 Re1 28. a4 Nd3 29. h3 Rg1+ 30. Kh2 Bf3 0-1

[Event "Finistere-chT 9899"]
[Site "Finistere"]
[Date "1999.??.??"]
[Round "7"]
[White "Guyader, Thierry"]
[Black "Delaire, Eric"]
[Result "1-0"]
[WhiteElo "2040"]
[BlackElo "1820"]
[PlyCount "62"]
[EventDate "1998.??.??"]
[EventType "team"]
[EventRounds "7"]
[EventCountry "FRA"]
[SourceTitle "EXT 2003"]
[Source "ChessBase"]
[SourceDate "2002.11.25"]
[SourceVersion "1"]
[SourceVersionDate "2002.11.25"]
[SourceQuality "1"]

1. e4 e5 2. Nf3 Nf6 3. Nc3 Bb4 4. Nxe5 0-0 5. Be2 Re8 6. Nd3 Bxc3 7. dxc3 Nxe4 8. Nf4 c6 9. c4 Qa5+ 10. c3 Qb6 11. 0-0 Na6 12. Bf3 Qc5 13. Be3 Qd6 14. Bxe4 Qxd1 15. Bxh7+ Kxh7 16. Raxd1 b6 17. Rfe1 Nc7 18. Rd6 Re7 19. Bd2 Rxe1+ 20. Bxe1 Ne8 21. Rd1 Nf6 22. f3 Ba6 23. b3 Re8 24. Bh4 Bc8 25. Bxf6 gxf6 26. Kf2 Re5 27. Rd6 Kg7 28. g4 Re7 29. Nh5+ Kf8 30. Nxf6 Re5 31. Nxd7+ Ke7 1-0